[Event "POL Region-ch U15"]
[Site "Szczyrk"]
[Date "2012.10.21"]
[Round "1.8"]
[White "Pawlowski, Maciej"]
[Black "Swierad, Lukasz"]
[Result "1-0"]
[WhiteElo "1716"]
[BlackElo "1464"]
[PlyCount "51"]
[EventDate "2012.10.14"]
[EventType "swiss"]
[EventRounds "9"]
[EventCountry "POL"]
[SourceTitle "EXT 2023"]
[Source "ChessBase"]
[SourceDate "2022.10.05"]
[SourceVersion "1"]
[SourceVersionDate "2022.10.05"]
[SourceQuality "1"]

1. e4 c5 2. Nf3 d6 3. d4 cxd4 4. Nxd4 Nf6 5. Nc3 a6 6. Bc4 e6 7. Bb3 Be7 8. 0-0 0-0 9. f4 b5 10. e5 dxe5 11. fxe5 Nfd7 12. Be3 Bb7 13. Qh5 Nc6 14. Rf3 Nxd4 15. Rh3 h6 16. Bxd4 Nf6 17. Qd1 Nd5 18. Qg4 Kh8 19. Nxd5 Bxd5 20. Be3 Kh7 21. c4 bxc4 22. Bc2+ g6 23. Rxh6+ Kg7 24. Rxg6+ fxg6 25. Qxg6+ Kh8 26. Qh7# 1-0

[Event "POL Region-ch U15"]
[Site "Szczyrk"]
[Date "2012.10.21"]
[Round "8.4"]
[White "Swierad, Lukasz"]
[Black "Mazur, Bartlomiej"]
[Result "0-1"]
[WhiteElo "1464"]
[BlackElo "1621"]
[PlyCount "94"]
[EventDate "2012.10.14"]
[EventType "swiss"]
[EventRounds "9"]
[EventCountry "POL"]
[SourceTitle "EXT 2023"]
[Source "ChessBase"]
[SourceDate "2022.10.05"]
[SourceVersion "1"]
[SourceVersionDate "2022.10.05"]
[SourceQuality "1"]

1. e4 d6 2. d4 Nf6 3. Nc3 c6 4. Bd3 Qb6 5. Nf3 Bg4 6. Be2 Nbd7 7. Rb1 Bxf3 8. Bxf3 e5 9. Be3 Qa5 10. 0-0 Be7 11. Qd2 0-0 12. Rbd1 Kh8 13. d5 c5 14. a4 a6 15. Ra1 Rfc8 16. Be2 Qb4 17. f3 Bd8 18. g4 Ba5 19. Rfb1 c4 20. g5 Ng8 21. h4 f6 22. Qe1 Bb6 23. Qf2 Bxe3 24. Qxe3 b5 25. Kh2 Ne7 26. h5 f5 27. a5 Rf8 28. Nd1 fxe4 29. fxe4 Rf4 30. Nf2 Raf8 31. Nh3 R4f7 32. c3 Qc5 33. Qg1 Qxg1+ 34. Kxg1 Nc5 35. Rf1 Rxf1+ 36. Rxf1 Rxf1+ 37. Kxf1 Nxe4 38. Bf3 Nd2+ 39. Ke2 Nxf3 40. Kxf3 Nxd5 41. Ke4 Ne7 42. Nf2 Kg8 43. Nd1 Kf7 44. Ne3 Ke6 45. Kf3 d5 46. Nc2 Nc6 47. Nb4 Nxb4 0-1